| 000 | 00845nam a2200253 a 4500 | ||
|---|---|---|---|
| 001 | 62170 | ||
| 003 | BD-RjUL | ||
| 005 | 20211209081042.0 | ||
| 008 | 170121s2003 bg 00010 eng d | ||
| 020 |
_a984508477X _c: Complimentary |
||
| 035 | _a(BD-RjUL) 62295 | ||
| 040 |
_aBD-RjUL _beng _dBD-RjUL _cBD-RjUL |
||
| 041 | _aeng | ||
| 082 |
_223 _a630.95492021 _bCHU 2003 (ZS) |
||
| 110 |
_aBangladesg Bureau of Statistics _9183637 |
||
| 245 |
_aCensus of Agriculture - 1996 : _bZila Series: Chuadanga / _cBangladesh Bureau of Statistics |
||
| 260 |
_aDhaka : _bBBS, _c2003. |
||
| 300 |
_axiv, 193 p. : _bIll. ; _c28 cm. |
||
| 490 | _aZila Series: Chuadanga | ||
| 500 | _aChiefly statistical tables. | ||
| 650 |
_aAgriculture _zBangladesh _zChuadanga _vStatistics. _y1996 _9184929 |
||
| 830 |
_aZila Series: Chuadanga _9186712 |
||
| 942 |
_2ddc _cRAR |
||
| 999 |
_c62170 _d62170 |
||